MARC details
| 000 -CABECERA |
| campo de control de longitud fija |
02672nam a2200373 i 4500 |
| 001 - NÚMERO DE CONTROL |
| campo de control |
000012176 |
| 003 - IDENTIFICADOR DEL NÚMERO DE CONTROL |
| campo de control |
DO-SdBNP |
| 005 - FECHA Y HORA DE LA ÚLTIMA TRANSACCIÓN |
| campo de control |
20260321073639.0 |
| 006 - CÓDIGOS DE INFORMACIÓN DE LONGITUD FIJA--CARACTERÍSTICAS DEL MATERIAL ADICIONAL |
| campo de control de longitud fija |
a||||er|||| 00| 0 |
| 007 - CAMPO FIJO DE DESCRIPCIÓN FÍSICA--INFORMACIÓN GENERAL |
| campo de control de longitud fija |
ta |
| 008 - DATOS DE LONGITUD FIJA--INFORMACIÓN GENERAL |
| campo de control de longitud fija |
091106e1982 dr a 001 j spa d |
| 040 ## - FUENTE DE LA CATALOGACIÓN |
| Centro catalogador/agencia de origen |
DO-SdBNP |
| Lengua de catalogación |
spa |
| Centro/agencia transcriptor |
BNPHU |
| Normas de descripción |
rda |
| 082 #4 - NÚMERO DE LA CLASIFICACIÓN DECIMAL DEWEY |
| Número de clasificación |
RD863.44 |
| Número de documento/Ítem |
D542d, 1982 |
| Número de edición |
22 |
| 100 1# - ENTRADA PRINCIPAL--NOMBRE DE PERSONA |
| Nombre de persona |
Díaz Grullón, Virgilio, |
| Fechas asociadas al nombre |
1924-2001 |
| Término indicativo de función/relación |
autor |
| 9 (RLIN) |
501 |
| 245 10 - MENCIÓN DE TÍTULO |
| Título |
De niños hombres y fantasmas / |
| Mención de responsabilidad, etc. |
Virgilio Díaz Grullón ; ilustraciones, Gilberto Hernández Ortega, Victoria Amelia Díaz Bonnelly y Fernando Ureía Rib; prólogo, Juan Bosch. |
| 250 ## - MENCIÓN DE EDICIÓN |
| Mención de edición |
Segunda edición |
| 264 #1 - PRODUCCIÓN, PUBLICACIÓN, DISTRIBUCIÓN, FABRICACIÓN Y COPYRIGHT |
| Producción, publicación, distribución, fabricación y copyright |
Santo Domingo : |
| Nombre del de productor, editor, distribuidor, fabricante |
Taller, |
| Fecha de producción, publicación, distribución, fabricación o copyright |
1982 |
| 300 ## - DESCRIPCIÓN FÍSICA |
| Extensión |
381 páginas : |
| Otras características físicas |
Ilustraciones ; |
| Dimensiones |
21 cm. |
| 336 ## - TIPO DE CONTENIDO |
| Fuente |
rdacontent |
| Término de tipo de contenido |
texto |
| Código de tipo de contenido |
txt |
| 337 ## - TIPO DE MEDIO |
| Fuente |
rdacarrier |
| Nombre/término del tipo de medio |
volumen |
| Código del tipo de medio |
n |
| 338 ## - TIPO DE SOPORTE |
| Fuente |
rdamedia |
| Nombre/término del tipo de soporte |
sin mediación |
| Código del tipo de soporte |
nc |
| 490 ## - MENCIÓN DE SERIE |
| Mención de serie |
Montesinos ; |
| Designación de volumen o secuencia |
2 |
| 500 ## - NOTA GENERAL |
| Nota general |
Incluye datos biográficos del autor en la contracubierta. |
| 505 0# - NOTA DE CONTENIDO CON FORMATO |
| Nota de contenido con formato |
Presentación a la primera edición -- |
| Título |
A manera de prólogo -- |
| -- |
De niños-- |
| -- |
El pozo sin fondo -- |
| -- |
El reloj -- |
| -- |
Pesadilla -- |
| -- |
El pequeño culpable -- |
| -- |
La campana rota -- |
| -- |
El aprendiz de brujo -- |
| -- |
La enemiga -- |
| -- |
Matar un ratón -- |
| -- |
Punto de vista - |
| -- |
Matum -- |
| Información miscelánea |
Hombres -- |
| Título |
Caín -- |
| -- |
Jornada completa -- |
| -- |
Edipo -- |
| -- |
La puntualidad del señor Martínez -- |
| -- |
Propiedad privada -- |
| -- |
La rebelión -- |
| -- |
Vecindad -- |
| -- |
Fiebre -- |
| -- |
El corcho sobre el río -- |
| -- |
Dos pesos para Cirilo -- |
| -- |
Un epitafio para Don Justo -- |
| -- |
A través del muro -- |
| -- |
Crónica policial -- |
| -- |
Pas de deux -- |
| -- |
Estampa folklórica -- |
| -- |
Legaslismo -- |
| -- |
El sedicioso -- |
| -- |
El uno y el otro -- |
| -- |
Biografía de un suicidia -- |
| -- |
La única verídica versión de la muerte de Jhonny Watson relatada por él mismo -- |
| -- |
Catatónico -- |
| Información miscelánea |
Y fastamas -- |
| Título |
Círculo -- |
| -- |
Su amigo Arcadio -- |
| -- |
La resignada inmortalidad de Don Cástulo -- |
| -- |
Retorno -- |
| -- |
Más allá del espejo -- |
| -- |
Doble personalidad -- |
| -- |
Ícaro -- |
| -- |
El diario inconcluso -- |
| -- |
Vertiginoso tiempo -- |
| -- |
La verdadera pesadilla -- |
| -- |
La mutación -- |
| -- |
Viaje al microcosmo -- |
| -- |
La trampa -- |
| -- |
El cuento sin título -- |
| -- |
Falso embarazo -- |
| -- |
La pareja -- |
| -- |
La broma póstuma -- |
| -- |
La invasión -- |
| -- |
El maleficio -- |
| Información miscelánea |
Los algarrobos también sueñan -- |
| Título |
Los algarrobos también sueñan. |
| 590 ## - NOTA LOCAL (RLIN) |
| Nota local |
Inventariado, 2023 / MF |
| 650 #0 - PUNTO DE ACCESO ADICIONAL DE MATERIA--TÉRMINO DE MATERIA |
| Término de materia o nombre geográfico como elemento de entrada |
Cuentos dominicanos |
| 9 (RLIN) |
176 |
| 650 #0 - PUNTO DE ACCESO ADICIONAL DE MATERIA--TÉRMINO DE MATERIA |
| Término de materia o nombre geográfico como elemento de entrada |
Literatura dominicana. |
| 9 (RLIN) |
67 |
| 700 1# - PUNTO DE ACCESO ADICIONAL--NOMBRE DE PERSONA |
| Nombre de persona |
Bosch, Juan, |
| Fechas asociadas al nombre |
1909-2001 |
| Término indicativo de función/relación |
prólogo |
| 9 (RLIN) |
76555 |
| 700 1# - PUNTO DE ACCESO ADICIONAL--NOMBRE DE PERSONA |
| Nombre de persona |
Hernández Ortega, Gilberto, |
| Fechas asociadas al nombre |
1924-1978 |
| Término indicativo de función/relación |
ilustrador |
| 9 (RLIN) |
25201 |
| 700 1# - PUNTO DE ACCESO ADICIONAL--NOMBRE DE PERSONA |
| Nombre de persona |
Díaz Bonnelly, Victoria Amelia, |
| Término indicativo de función/relación |
ilustradora |
| 9 (RLIN) |
84652 |
| 700 1# - PUNTO DE ACCESO ADICIONAL--NOMBRE DE PERSONA |
| Nombre de persona |
Ureña Rib, Fernando, |
| Fechas asociadas al nombre |
1951- |
| Término indicativo de función/relación |
ilustrador |
| 9 (RLIN) |
30237 |
| 910 ## - DATOS DE OPCIÓN DEL USUARIO (OCLC) |
| Datos de opción del usuario |
Validado. Control de calidad MMOLINA |
| 942 ## - ELEMENTOS DE PUNTO DE ACCESO ADICIONAL (KOHA) |
| Fuente del sistema de clasificación o colocación |
Dewey Decimal Classification |
| Tipo de ítem Koha |
Libro |